| 000 | 01238 a2200217 4500 | ||
|---|---|---|---|
| 001 | 27335 | ||
| 005 | 20260407155549.0 | ||
| 008 | 260407a2013 arg spa d | ||
| 003 | AR-UNSa-BCEJYS | ||
| 040 |
_aAR-UNSa-BCEJYS _bspa _cAR-UNSa-BCEJYS |
||
| 080 |
_a339.92 _xCooperación económica internacional. Integración económica internacional |
||
| 245 | 1 | 0 |
_aSistemas de innovación en Centroamérica _pfortalecimiento a través de la integración regional |
| 020 | _a978-92-1-221107-7 | ||
| 264 | 1 |
_aSantiago de Chile : _bCEPAL (Comisión Económica para América Latina y el Caribe) _c2013 |
|
| 300 |
_a211 p. _c22 cm. |
||
| 505 | _a1. Sistemas de innovación - 2. Sistemas nacionales de innovación en Centroamérica - 3. Un enfoque sectorial: sistemas agroproductivos de innovación en Centroamérica - 4. Lecciones de la integración europea en políticas de ciencia, tecnología e innovación - 5. Conclusiones y estrategias para fortalecer la CTI mediante la integración regional | ||
| 942 | _cBK | ||
| 590 | _aniveau_biblio:m niveau_hierar:0 | ||
| 100 | 1 | _aPadilla Pérez, Ramón | |
| 856 | 4 | 1 |
_uhttps://biblioeco.unsa.edu.ar/pmb/images/libros/Sistemas de innovaci?n en Centroam?rica-l119727.jpg _yImagen de portada _qimage/jpeg |
| 999 |
_c1585 _d1585 |
||